Jakie to państwo (emoji) - Statystyki

Ogólne statystyki
  • Ten quiz został rozwiązany 2 261 razy
  • Średni wynik to 14 z 18
Statystyki odpowiedzi
Hint Odpowiedź % Poprawnych
🍕🍝🌞 Włochy
92%
🍣🥋🌄 Japonia
91%
🍔⚾🤠 Stany Zjednoczone
91%
🍜🍚🐼 Chiny
90%
🥐🐸🍷 Francja
90%
🏒🍁🥶 Kanada
90%
🥨🍺⚽ Niemcy
90%
☔💂🏻‍♀️👑 Wielka Brytania
90%
🥟🥯✝ Polska
89%
🐨🕷️🏄 Australia
87%
🌮🥵🏜 Meksyk
85%
👙🌞⚽ Brazylia
76%
🍫🧀⏰ Szwajcaria
76%
🌷🤑🧀 Holandia
66%
🎭🧿🌞 Grecja
63%
🏏👳🏽‍♂️🛕 Indie
63%
⚽🥙🌞 Hiszpania
59%
🍟🍫🤑 Belgia
55%
Nie znaleziono quizów pasujących do podanych kryteriów
Rozkład punktacji
Procent ludzi z każdym wynikiem
Percentyl według liczby udzielonych odpowiedzi
Twoja historia wyników
Nie rozwiązałeś tego quizu